| 000 | 01967nam a22004934i 4500 | ||
|---|---|---|---|
| 003 | PE-LiUPU | ||
| 005 | 20250731183410.0 | ||
| 008 | 110809s2009 ck r 000 0 spa d | ||
| 020 | _a958826944X | ||
| 020 | _a9789588269443 | ||
| 035 | _a(Sirsi) i9789588269443 | ||
| 035 | _a(OCoLC)991790692 | ||
| 040 |
_aCKUTP _bspa _cCKUTP _dPE-LiUPU _erda |
||
| 049 | _aPRUA | ||
| 082 | 0 | 4 |
_a796.54 _bC68 _221 |
| 100 | 1 |
_aClavijo Gutierrez, Nélson Orlando, _eautor |
|
| 245 | 1 | 0 |
_aCampamentos para educar : _bPlanificación y desarrollo. |
| 264 | 1 |
_aColombia : _bEditorial Kinesis Ltda., _c2009. |
|
| 300 |
_a240 páginas : _bilustraciones ; _c25 centímetros. |
||
| 336 |
_atext _2rdacontent |
||
| 337 |
_aunmediated _2rdamedia |
||
| 338 |
_avolume _2rdacarrier |
||
| 490 | 0 | _aTiempo libre y recreación | |
| 504 | _aBibliografía : páginas 237-239. | ||
| 505 | _aEducación de los valores por medio del campamento -- Antecedentes, planificación y organización -- Recursos para la acampada -- La alimentación -- Desarrollo de programaciones -- Técnicas básicas -- Educación ambiental- | ||
| 526 | _aP158 | ||
| 526 | _aP146 | ||
| 526 | _aP17 | ||
| 526 | _aP12 | ||
| 526 | _aP06 | ||
| 541 | _g001-003492; | ||
| 650 | 4 |
_aCampamentos _91780 |
|
| 650 | 4 | _aCamps | |
| 650 | 4 | _aCoexistence. | |
| 650 | 4 | _aConvivencia. | |
| 650 | 4 | _aEducational games. | |
| 650 | 4 | _aJuegos educativos. | |
| 910 |
_adbm _bebj _cebj _d20180116 |
||
| 942 |
_2ddc _cBOOK |
||
| 949 |
_a796.54 C68 _wDEWEY _c1 _i78199 _lCATALOGING _mBUL _p37.07 _r0 _sY _tBOOK _u2018-01-16 _xEDUCACION _PP12 _0COMPRA _o.STAFF. Colección Ciencias Humanas y Educación. |
||
| 994 |
_aC0 _bPEPRU |
||
| 596 | _a1 | ||
| 999 |
_a796.54 C68 _wDEWEY _c26680 _i78199 _d26680 _f2021-11-30 _g4 _lCCODEBUL1 _mBUL _p37.07 _q2 _r0 _sY _tBOOK _u2018-1-16 _xEDUCACION _PP12 _0COMPRA _o.STAFF. Colección Ciencias Humanas y Educación. |
||
| 980 |
_81 _gALBERTO SANCHEZ Responsable de Automatización |
||